000 00317nam a2200121Ia 4500
008 230907s9999||||xx |||||||||||||| ||und||
082 _a621.69
_bBLO
100 _aBloch, Heinz P.,
_983585
245 0 _aPump user's handbook :
300 _axiv, 556 pages :
650 _aHandbooks, manuals, etc.
_911475
942 _cBK
999 _c599579
_d599579